Complete the Groups of Seven Quiz Stats

 Plays Quiz Updated Feb 28, 2016

Score 0/24 Timer 04:00
4 Plays Today
% Correct
Friday
99.5%
Yellow
99.3%
Ti
99.3%
Kyrgyzstan
99.1%
Lettuce
98.2%
Envy
98.2%
Shot put
98.2%
Great Pyramid of Giza
98%
Dallas Stars
98%
Isaac
98%
Mars
97.9%
Asia
97.5%
% Correct
Panama
97.5%
Goblet of Fire
96.4%
Charity
96.3%
Kilogram
96.3%
John Glenn
96.2%
Doc
95.9%
Prince Caspian
95.3%
Baptism
94.6%
Viminal
90.9%
Kent
89.9%
Mary Ann
88.8%
Ajna
86.5%

You're not logged in!

Compare scores with friends on all Sporcle quizzes.
OR
Log In

Show Comments

Extras

Top Quizzes Today


Score Distribution

Your Account Isn't Verified!

In order to create a playlist on Sporcle, you need to verify the email address you used during registration. Go to your Sporcle Settings to finish the process.

Report this User

Report this user for behavior that violates our Community Guidelines.

Details: